000 00410cam a2200169ua 4500
020 _c3.00
041 _amal
_h
082 _a894.812 308
_bKIM/HI
100 _aKim, Romin .
245 _aHiroshimayude makal /
_cRomin Kim.
_hTextual Documents
260 _aThrissur :
_bThe Mangalodayam Pvt Ltd ,
_c1957.
300 _a423 ; .
365 _a3.00
504 _a
942 _cBK
999 _c6303
_d6303